Central Library OPAC University of Rajshahi

The Soviet cultural scene, 1956-1957 / (Record no. 22212)

MARC details
000 -LEADER
fixed length control field 00936cam a22002772 4500
001 - CONTROL NUMBER
control field 22212
003 - CONTROL NUMBER IDENTIFIER
rucl marc code BD-RjUL
005 - DATE AND TIME OF LATEST TRANSACTION
control field 20211209000759.0
008 - FIXED-LENGTH DATA ELEMENTS--GENERAL INFORMATION
fixed length control field 140306s1958 nyu 000 0 eng
035 ## - SYSTEM CONTROL NUMBER
System control number (BD-RjUL)22277
040 ## - CATALOGING SOURCE
Original cataloging agency DLC
Transcribing agency JPL
Modifying agency OCL
-- IXA
-- ORZ
-- BD-RjUL
-- BD-RjUL
Language of cataloging eng
041 ## - LANGUAGE CODE
Language code of text/sound track or separate title eng
082 ## - DEWEY DECIMAL CLASSIFICATION NUMBER
Classification number 914.7
Author mark and year SOV 1958
245 04 - TITLE STATEMENT
Title The Soviet cultural scene, 1956-1957 /
Statement of responsibility, etc. editors: Walter Z. Laqueur .
260 ## - PUBLICATION, DISTRIBUTION, ETC. (IMPRINT)
Place of publication, distribution, etc. New York :
Name of publisher, distributor, etc. Praeger,
Date of publication, distribution, etc. 1958.
300 ## - PHYSICAL DESCRIPTION
Pagination 300 p. :
Size 22 cm.
500 ## - GENERAL NOTE
General note "The material brought together ... represents a selection from the ... review Soviet survey."
651 #0 - SUBJECT ADDED ENTRY--GEOGRAPHIC NAME
Geographic name Soviet Union
General subdivision Civilization.
9 (RLIN) 12012
Geographic name Soviet Union
General subdivision History
Chronological subdivision 1953-1985
9 (RLIN) 68573
700 1# - ADDED ENTRY--PERSONAL NAME
Personal name Laqueur, Walter,
Dates associated with a name 1921-
Personal name Lichtheim, George,
Dates associated with a name 1912-1973.
710 2# - ADDED ENTRY--CORPORATE NAME
Corporate name or jurisdiction name as entry element Soviet survey (London : 1956)
9 (RLIN) 68575
942 ## - ADDED ENTRY ELEMENTS (KOHA)
Source of classification or shelving scheme Dewey Decimal Classification
Koha item type Books
Holdings
Lost status Source of classification or shelving scheme Damaged status Not for loan Collection code Permanent Location Current Location Shelving location Date acquired Source of acquisition Total Checkouts Full call number Date last seen Copy number Koha item type
  Dewey Decimal Classification   Added to bundle Non-fiction Central Library, University of Rajshahi Central Library, University of Rajshahi Reading Room 23/06/1956 Shaukat Osman   914.7 SOV 1958 06/03/2014 C-1 Books